1059 1033 1858 1798 1094 1271 1412 1866 1496 1950 1623 1009 1749 1678 1329 1855 1856 1725 1339 1427 1181 1446 1279 1038 1098 1119 1750 1875 1997 1822 1887 1715 1564 1455 1963 1337 1580 1737 1094 1635 1763 1915 1883 1010 1342 1203 1509 1972 1357 1977 1308 1463 1097 1748 1975 1384 1136 1248 1088 1898 1090 1660 1019 1672 1057 1696 1963 1254 1358 1251 1384 1068 1935 1540 1576 1454 1539 1266 1744 1934 1587 1167 1789 1610 1423 1478 1497 1328 1864 1455 1306 1106 1022 1402 1310 1567 1967 1447 1155 BCNSPRNW ULIB Ver.6.0+V

เปลี่ยนเป็นภาษาไทย

Change to English
 แสดงรายละเอียดบรรณานุกรม
  กลับหน้าหลัก

Brief Record : Get Marc (ISO 2709) : E-mail record : QR code < ปิดหน้าต่าง
LEADER : 00000nam 2200000uu 4500
001    13399122455
003     ULIB
008    020711s2550 th a 000 0 tha d
020    9789741643813
090    นว.^bล712ร
100    ลูกชุบ
245    รักร้ายหัวใจไม่ได้ล๊อค Triple Nine Apartment /^bลูกชุบ
250    พิมพ์ครั้งที่ 1
260    กรุงเทพฯ :^bแจ่มใส,^c2550
300    273 หน้า
710 1  แจ่มใส
945    ^p199^l0^i19951
999    ^aทศพร เกษรทอง
รายการนี้ยังไม่มีแท็ก
คุณยังไม่ได้ล็อกอิน คุณสามารถมีกิจกรรมร่วมกับเว็บไซต์ได้ แต่ต้องล็อกอินก่อน ::
  ล็อกอิน

รายการสื่อสารสนเทศ

ลำดับที่ ประเภท เลขเรียก/บาร์โค้ด สถานที่ สถานะ
1. นวนิยาย
นวนิยาย
นว. ล712ร ฉ.1 
  Barcode: 19951
ห้องสมุดวิทยาเขตสวรรค์ประชารักษ์
►นวนิยาย
บนชั้น
  ขอยืม

รายการใกล้เคียง
    ผู้แต่ง [ลูกชุบ]

BibComment


ยังไม่เคยถูกคอมเมนท์

คอมเมนท์ทรัพยากรรายการนี้
  คอมเมนท์: รักร้ายหัวใจไม่ได..


 Copyright 2026. Bcnsprnw @Library